Handbook of Clinical Psychopharmacology for Therapists (Record no. 8207)
[ view plain ]
| 000 -LEADER | |
|---|---|
| fixed length control field | 01631cam a22002294a 4500 |
| 005 - ΗΜΕΡΟΜΗΝΙΑ ΚΑΙ ΩΡΑ ΤΕΛΕΥΤΑΙΑΣ ΕΝΗΜΕΡΩΣΗΣ | |
| Πεδίο ελέγχου | 20250605164329.0 |
| 008 - FIXED-LENGTH DATA ELEMENTS--GENERAL INFORMATION | |
| Πεδίο ελέγχου σταθερού μήκους | 250528s ||||||||||||||||||||||||d |
| 035 ## - SYSTEM CONTROL NUMBER | |
| System control number | 23177 |
| 020 ## - ISBN | |
| ISBN | 9781572243996 |
| 040 ## - ΠΗΓΗ ΚΑΤΑΛΟΓΟΓΡΑΦΗΣΗΣ | |
| Φορέας πρωτότυπης καταλογογράφησης | MC Athens Campus Library |
| Γλώσσα καταλογογράφησης | Ελληνικά, Μοντέρνα (1453-) |
| Modifying agency | MC Athens Campus Library |
| Κανόνες περιγραφικής καταλογογράφησης | AACR2 |
| 245 1# - ΤΙΤΛΟΣ ΚΑΙ ΔΗΛΩΣΗ ΥΠΕΥΘΥΝΟΤΗΤΑΣ | |
| Τίτλος | Handbook of Clinical Psychopharmacology for Therapists |
| 250 ## - EDITION STATEMENT | |
| Edition statement | 4th |
| 260 ## - PUBLICATION, DISTRIBUTION, ETC. | |
| Name of publisher, distributor, etc. | New Harbinger Publications, Inc, |
| Date of publication, distribution, etc. | 2006 |
| 300 ## - PHYSICAL DESCRIPTION | |
| Extent | 310 |
| 520 ## - SUMMARY, ETC. | |
| Summary, etc. | New Chapter on Medication and Children. Acknowledgements, Understanding Psychopharmacology: The Basics, Introduction, Integrated Models, Neurobiology, Pharmacology, Clinical Syndromes: Etiology and Diagnosis and Treatment Implications, Preliminary Diagnostic Considerations, Depressive Disorders, Bipolar Disorders, Anxiety Disorders, Obsessive - Compulsive Disorder, Psychotic Disorders, Post - Traumatic Stress Disorder, Borderline Personality Disorders, Substance - Related Disorders, Other Miscellaneous Disorders, Medications and Pharmacologic Treatment, Antidepressant Medications, Mood Stabilizers, Antianxiety Medications, Antipsychotic Medications, Over - the - Counter Products, Red Flags: When to Revaluate, Child and Adolescent Psychopharmacology, On the Horizon, Appendices, Pharmacokinetics, Pharmacotherapy in Special Populations, Psychotropic Drug Interactions, Differentiating Psychotropic Drug Interactions, Differentiating Psychotropic Side Effects from Psychiatric Symptoms, Neurocognitive Mental Status Exam, Index. |
| 700 1# - ΠΡΟΣΘΕΤΗ ΑΝΑΓΡΑΦΗ--ΦΥΣΙΚΟ ΠΡΟΣΩΠΟ | |
| Personal name | O'Neal John H |
| 9 (RLIN) | 8756 |
| 700 1# - ΠΡΟΣΘΕΤΗ ΑΝΑΓΡΑΦΗ--ΦΥΣΙΚΟ ΠΡΟΣΩΠΟ | |
| Personal name | Preston John D |
| 9 (RLIN) | 8757 |
| 700 1# - ΠΡΟΣΘΕΤΗ ΑΝΑΓΡΑΦΗ--ΦΥΣΙΚΟ ΠΡΟΣΩΠΟ | |
| Personal name | Talaga Mary C |
| 9 (RLIN) | 8758 |
| 942 ## - ADDED ENTRY ELEMENTS (KOHA) | |
| Koha item type | Books |
| Τύπος τεκμηρίου | Βιβλιοθήκη | Τρέχουσα τοποθεσία | Barcode | Αριθμός εισαγωγής | Ημερομηνία απόκτησης | Ταξιθετικό σύμβολο | Αριθμός αντιτύπου | Κατάσταση απόσυρσης | Κατάσταση χαμένου | Κατάσταση κατεστραμμένου | Μη δανεισμός | Σύνολο δανεισμών | Ημερομηνία τελευταίας εμφάνισης | Η τιμή ισχύει από |
|---|---|---|---|---|---|---|---|---|---|---|---|---|---|---|
| Books | MC Athens Campus Library | MC Athens Campus Library | 9780000082060 | 7585 | 05/06/2025 | 616.8918 PRE | 1 | 05/06/2025 | 05/06/2025 |